000 00826nam a2200253 i 4500
003 DO-SdBNP
005 20250807092943.0
007 ta
008 250807s2017 dr 000 0 spa d
040 _aDO-SdBNP
_bspa
_cBNPHU
_erda
041 _aspa
082 4 _axxx
_bR426a
_222
110 1 _aRepública Dominicana.
_bCongreso Nacional
_916501
245 1 0 _aLey No. 37-17 :
_bque reorganiza el Ministerio de Industria, Comercio y Mipymes, del 15 de febrero de 2017 /
264 1 _aSanto Domingo :
_bMICM,
_c2017.
300 _a31 páginas ;
_c20 cm.
336 _atexto
_btxt
_2rdacontent
337 _asin mediación
_bn
_2rdamedia
338 _avolumen
_bnc
_2rdacarrier
590 _aInventariado, 2025/ YL
710 1 _aMinisterio de Industria, Comercio y Mipymes (MICM)
_988468
910 _aYLockward
942 _2ddc
_cLF2
999 _c59732
_d59732